ბათუმის შოთა რუსთაველის სახელმწიფო უნივერსიტეტის ბიბლიოთეკა

შუამავალთა ჯაჭვი - 2 : ყურანის შუქის ქვეშ : (ბიბ.ჩანაწერი № 52870)

000 -ლიდერი
ფიქსირებული სიგრძის საკონტროლო ველი 01773nam a2200289Ia 4500
001 - საკონტროლო ნომერი
საკონტროლო ველი 19900
003 - საკონტროლო ნომრის იდენტიფიკატორი
საკონტროლო ველი GE_BSU
005 - ბოლო ოპერაციის თარიღი და დრო
საკონტროლო ველი 20200506232357.0
008 - ფიქსირებული სიგრძის მონაცემთა ელემენტები - ზოგადი ინფორმაცია
ფიქსირებული სიგრძის საკონტროლო ველი 181216s2016||||ge |||||||||||||| ||geo||
020 ## - წიგნის საერთაშორისო სტანდარტული ნომერი
International Standard Book Number 9789941088759
040 ## - კატალოგიზაციის წყარო
Transcribing agency GE_BSU
041 ## - ენის კოდი
Language code of text/sound track or separate title geo
080 ## - უნივერსალური ათობითი კლასიფიკაციის ინდექსი
Universal Decimal Classification number 28-24 თ-68
100 ## - მთავარი ჩანაწერი - პიროვნების სახელი
Personal name თოფბაში, ოსმან ნური
9 (RLIN) 7993
245 ## - ცნობა სათაურის შესახებ
Title შუამავალთა ჯაჭვი - 2 : ყურანის შუქის ქვეშ :
Remainder of title სასკოლო წიგნი /
Statement of responsibility, etc ოსმან ნური თოფბაში ; მთარგმნელი ნინო ჩოგაძე ; მთ. რედაქტორი ზურაბ მიქელაძე ; თეოლ. რედაქტორი გელა გოგიტიძე.
264 ## - წარმოების, გამოცემის, დისტრიბუციის და სხვა ცნობები
გამოცემის, წარმოების, დისტრიბუციის... ადგილი ბათუმი :
გამოცემის, წარმოების, დისტრიბუციის... სახელწოდება ერქამი,
გამოცემის, წარმოების, დისტრიბუციის... თარიღი 2016.
300 ## - ფიზიკური აღწერა
Extent 352 გვ. ;
Dimensions 23 სმ.
520 ## - SUMMARY, ETC.
Summary, etc წიგნი გამოცემულია საქართველოს ახალგაზრდებზე დახმარების ასოციაციის მიერ, სრ. საქ. მუსლიმთა სამმართველოს რეკომენდაციით.
653 ## - INDEX TERM--UNCONTROLLED
Uncontrolled term ისლამი
653 ## - INDEX TERM--UNCONTROLLED
Uncontrolled term რელიგია
653 ## - INDEX TERM--UNCONTROLLED
Uncontrolled term შუამავალთა ჯაჭვი - 2. ყურანის შუქის ქვეშ
700 ## - ADDED ENTRY--PERSONAL NAME
Personal name ჩოგაძე, ნინო
Relator term მთარგმნელი
9 (RLIN) 7997
700 ## - ADDED ENTRY--PERSONAL NAME
Personal name მიქელაძე, ზურაბ
Relator term მთ. რედაქტორი
9 (RLIN) 7998
700 ## - ADDED ENTRY--PERSONAL NAME
Personal name გოგიტიძე, გელა
Relator term თეოლ. რედაქტორი
9 (RLIN) 7999
942 ## - ADDED ENTRY ELEMENTS (KOHA)
Koha item type წიგნი
Source of classification or shelving scheme
ეგზემპლარები
ჩამოწერის სტატუსი დაკარგული ეგზემპლარის სტატუსი კლასიფიკაციის წყარო ან თაროზე გაწყობის სქემა დაზიანების სტატუსი არ გაიცემა მუდმივი მდებარეობა (დაცვის ადგილი) ამჟამინდელი ადგილსამყოფელი თაროზე განთავსების ადგილი შეძენის თარიღი ღირებულება, შესყიდვის ნორმალური ფასი სრული შენახვის შიფრი შტრიხკოდი ბოლო ოპერაციის თარიღი ეგზემპლარის მიმდევრობითი ნომერი (კეტერი?) ფასის ძალაში შესვლის თარიღი ეგზემპლარის სახეობა საჯარო შენიშვნა
          ბათუმის შოთა რუსთაველის სახელმწიფო უნივერსიტეტის მთავარი ბიბლიოთეკა ბათუმის შოთა რუსთაველის სახელმწიფო უნივერსიტეტის მთავარი ბიბლიოთეკა წიგნსაცავი 2018-12-17 5.00 28-24 თ-68 52363 2018-12-17 52363 2018-12-17 წიგნი 5.00 ლ
          ბათუმის შოთა რუსთაველის სახელმწიფო უნივერსიტეტის მთავარი ბიბლიოთეკა ბათუმის შოთა რუსთაველის სახელმწიფო უნივერსიტეტის მთავარი ბიბლიოთეკა წიგნსაცავი 2018-12-17 5.00 28-24 თ-68 52364 2018-12-17 52364 2018-12-17 წიგნი 5.00 ლ
          ბათუმის შოთა რუსთაველის სახელმწიფო უნივერსიტეტის მთავარი ბიბლიოთეკა ბათუმის შოთა რუსთაველის სახელმწიფო უნივერსიტეტის მთავარი ბიბლიოთეკა წიგნსაცავი 2018-12-17 5.00 28-24 თ-68 52365 2018-12-17 52365 2018-12-17 წიგნი 5.00 ლ